<?xml version="1.0" encoding="UTF-8"?>
<record
    xmlns:xsi="http://www.w3.org/2001/XMLSchema-instance"
    xsi:schemaLocation="http://www.loc.gov/MARC21/slim http://www.loc.gov/standards/marcxml/schema/MARC21slim.xsd"
    xmlns="http://www.loc.gov/MARC21/slim">

  <leader>01330cam4a220028900 4500</leader>
  <controlfield tag="001">lce01816875</controlfield>
  <controlfield tag="005">20190826101700.0</controlfield>
  <controlfield tag="008">840725s1977    yu a          000 0beng c</controlfield>
  <datafield tag="010" ind1=" " ind2=" ">
    <subfield code="a">   84673083 //r903</subfield>
  </datafield>
  <datafield tag="035" ind1=" " ind2=" ">
    <subfield code="a">(Sirsi) r104119</subfield>
  </datafield>
  <datafield tag="035" ind1=" " ind2=" ">
    <subfield code="a">(DLC)   84673083 //r903</subfield>
  </datafield>
  <datafield tag="035" ind1=" " ind2=" ">
    <subfield code="a">(UPRA)lce01816875</subfield>
  </datafield>
  <datafield tag="040" ind1=" " ind2=" ">
    <subfield code="a">MH</subfield>
    <subfield code="c">MH</subfield>
    <subfield code="d">DLC</subfield>
  </datafield>
  <datafield tag="043" ind1=" " ind2=" ">
    <subfield code="a">e-yu---</subfield>
  </datafield>
  <datafield tag="050" ind1="1" ind2="4">
    <subfield code="a">DR359.T5</subfield>
    <subfield code="b">E8713x 1977</subfield>
  </datafield>
  <datafield tag="100" ind1="1" ind2=" ">
    <subfield code="a">Eterovic, Ivo.</subfield>
    <subfield code="6">A61303.1</subfield>
  </datafield>
  <datafield tag="240" ind1="1" ind2="0">
    <subfield code="a">Njihovi dani. English</subfield>
    <subfield code="l">Njihovi dani. English</subfield>
  </datafield>
  <datafield tag="245" ind1="1" ind2="0">
    <subfield code="a">Tito's private life /</subfield>
    <subfield code="c">photographs and text, Ivo Eterovic.</subfield>
  </datafield>
  <datafield tag="260" ind1=" " ind2=" ">
    <subfield code="a">Belgrade :</subfield>
    <subfield code="b">Jugoslovenska Revija,</subfield>
    <subfield code="c">1977.</subfield>
  </datafield>
  <datafield tag="500" ind1=" " ind2=" ">
    <subfield code="a">Issued also in Macedonian, Serbo-Croatian, and Slovenian.</subfield>
  </datafield>
  <datafield tag="600" ind1="1" ind2="0">
    <subfield code="a">Tito, Josip Broz, 1892-1980 -- Portraits.</subfield>
    <subfield code="d">Tito, Josip Broz, 1892-1980 -- Portraits.</subfield>
    <subfield code="x">Tito, Josip Broz, 1892-1980 -- Portraits.</subfield>
    <subfield code="6">S47566.1</subfield>
  </datafield>
  <datafield tag="600" ind1="1" ind2="0">
    <subfield code="a">Broz, Jovanka -- Portraits.</subfield>
    <subfield code="x">Broz, Jovanka -- Portraits.</subfield>
    <subfield code="6">S47567.1</subfield>
  </datafield>
  <datafield tag="650" ind1=" " ind2="0">
    <subfield code="a">Wives -- Yugoslavia -- Pictorial works.</subfield>
    <subfield code="z">Wives -- Yugoslavia -- Pictorial works.</subfield>
    <subfield code="x">Wives -- Yugoslavia -- Pictorial works.</subfield>
    <subfield code="6">S47568.1</subfield>
  </datafield>
  <datafield tag="650" ind1=" " ind2="0">
    <subfield code="a">Presidents -- Yugoslavia -- Pictorial works.</subfield>
    <subfield code="z">Presidents -- Yugoslavia -- Pictorial works.</subfield>
    <subfield code="x">Presidents -- Yugoslavia -- Pictorial works.</subfield>
    <subfield code="6">S47569.1</subfield>
  </datafield>
  <datafield tag="949" ind1=" " ind2=" ">
    <subfield code="a">DR359.T5</subfield>
    <subfield code="w">lcc</subfield>
    <subfield code="i">-148073</subfield>
    <subfield code="m">MAIN</subfield>
    <subfield code="t">BOOK</subfield>
    <subfield code="l">ON-SHELF</subfield>
  </datafield>
  <controlfield tag="004">104119</controlfield>
  <datafield tag="999" ind1=" " ind2=" ">
    <subfield code="c">163961</subfield>
    <subfield code="d">163961</subfield>
  </datafield>
</record>
